000 00300nam a2200133Ia 4500
005 20251222153547.0
008 251222s9999||||xx |||||||||||||| ||spa||
020 _a84-7490-550-8
082 _a922.24/S79E
100 _aStein, Edith
245 0 _aEdith Stein:
264 _bEncuentro
942 _cLIB
999 _c30714
_d30714